Quiz o Mińsku Mazowieckim - Statystyki

Ogólne statystyki
  • Ten quiz został rozwiązany 17 razy
    16 od ostatniego zresetowania
  • Średni wynik to 7 z 14
Statystyki odpowiedzi
Wskazówka Odpowiedź % Poprawnych
Tablica rejestracyjna Mińska Mazowieckiego WM
93%
Wiek, w którym został założony Mińsk Mazowiecki XIV
86%
Populacja Mińska Mazowieckiego (w przybliżeniu) 40,000
79%
Autostrada, która przebiega przez Mińsk Mazowiecki A2
79%
Województwo, w którym leżał Mińsk Mazowiecki w latach 1975-1998 siedleckie
71%
W którym roku Niemcy w Mińsku Mazowieckim założyli getto? 1940
64%
Jak nazywa się rzeka, od której Mińsk Mazowiecki wziął nazwę? Mieni
50%
Burmistrz Mińska Mazowieckiego Marcin Jakubowski
36%
Rok, w którym Mińsk Mazowiecki otrzymał prawa miejskie 1421
29%
Klub piłkarski tego miasta {MKS Mazovia} Mińsk Mazowiecki
29%
Na jakiej wysoczyźnie leży Mińsk Mazowiecki? Wysoczyzna {Kałuszyńska}
21%
Strefa numeracyjna Mińska Mazowieckiego +48 {25}
14%
Co znajduję się na herbie Mińska Mazowieckiego? Leliwa (polski herb szlachecki)
14%
Gęstość Mińska Mazowieckiego (w zaokrągleniu) {3000} os./km²
0%
Nie znaleziono quizów pasujących do podanych kryteriów
Rozkład punktacji
Procent ludzi z każdym wynikiem
Percentyl według liczby udzielonych odpowiedzi
Twoja historia wyników
Nie rozwiązałeś tego quizu od ostatniego zresetowania